Precálculo

Gespeichert in:
Bibliographische Detailangaben
Hauptverfasser: Giudici Espinoza, Reinaldo Horacio (autor), Margaglio, Claudio (VerfasserIn)
Format: Buch
Sprache:Spanisch
Veröffentlicht: Caracas Vadell Hermanos 1986
Ausgabe:1a. ed
Schlagworte:
Tags: Tag hinzufügen
Keine Tags, Fügen Sie den ersten Tag hinzu!

MARC

LEADER 00000nam a2200000 a 4500
001 UCI2451
003 CL-VaPUC
008 070824e19860000VE |||||||||||||||||spa|d
020 |a 9802120162 
082 0 4 |a 511.2  |b GIU  |2 21 
100 |a Giudici Espinoza, Reinaldo Horacio  |e autor  |9 541359 
700 0 |a Margaglio, Claudio  |e author  |9 523498 
245 1 0 |a Precálculo 
250 |a 1a. ed 
300 |a 159 p 
942 |c BK 
945 |d 20070824 00:00:00  |a rbrito 
260 |a Caracas  |b Vadell Hermanos  |c 1986 
650 0 |a Álgebra  |9 259567 
650 0 |a Geometría plana  |9 265855 
650 0 |a Trigonometría   |9 259568 
650 0 |a Geometría analítica   |9 260062 
650 0 |a Matemática  |9 260235 
650 7 |a EJERCICIOS DE MATEMATICAS  |2 CL-VaPUC  |9 523499 
583 |a last modification  |c 20070824 00:00:00  |k Rodrigo Vera 
999 |c 327022  |d 327020